000 00999cam a22002891 4500
001 34385
003 BD-RjUL
005 20211209052142.0
008 140517t1952 enk b 001 0 eng d
035 _a(BD-RjUL)34479
035 _a(OCoLC)261392
040 _aDLC
_cODaWU
_dNcRS
_dUk
_dDLC
_dBD-RjUL
_beng
041 _aeng
082 0 4 _a323.33
_bTRP 1952
100 1 _aTrouton, Ruth.
_9104560
245 1 0 _aPeasant renaissance in Yugoslavia, 1900-1950 :
_ba study of the development of Yugoslavia peasant society as affected by education /
260 _aLondon :
_bRoutledge & K. Paul.,
_c1952.
300 _axiii, 344 p. ;
_c22 cm.
490 1 _aInternational library of sociology and social reconstruction
504 _aincludes index,
650 0 _aPeasants
_zYugoslavia.
_9104561
651 0 _aYugoslavia
_xSocial conditions.
_96724
830 1 _aInternational library of sociology and social reconstruction
_9104567
942 _2ddc
_cBK
999 _c34385
_d34385